00206nam a2200085Ia 4500008004100000100002500041245002800066260001700094260000900111180219s9999 xx 000 0 und d aBhatnagar And Saxana 0aMorden Indian Education aR Lal Meerut c2013